| 000 | 02204nam a2200337Ia 4500 | ||
|---|---|---|---|
| 999 |
_c36455 _d36455 |
||
| 001 | 2370 | ||
| 003 | GE_BSU | ||
| 005 | 20190603155148.0 | ||
| 008 | 181216s2011||||ge |||||||||||||| ||geo|| | ||
| 020 | _a9789941104558 | ||
| 040 | _cGE_BSU | ||
| 041 | _ageo | ||
| 080 | _a811.353.1(083) ს–30 | ||
| 245 |
_aსასკოლო ორთოგრაფიული ლექსიკონი / _cარნ. ჩიქობავას სახ. ენათმეცნ. ინ-ტი, შოთა რუსთაველის ეროვნ. სამეცნ. ფონდი ; ავტ.-შემდგ.: შუქია აფრიდონიძე, იამზე გაგუა, თამარ ვაშაკიძე და სხვ. ; მთ. რედ. თამარ ვაშაკიძე ; მხატვ. სოფო ალავიძე. |
||
| 264 |
_aთბილისი : _bმერიდიანი, _c2011. |
||
| 300 |
_a511 გვ. ; _b24 სმ. |
||
| 504 | _a დანართები: გვ. 481-511. - ბიბლიოგრ.: გვ. 512. | ||
| 653 | _aორთოგრაფიული ლექსიკონი | ||
| 700 |
_aაფრიდონიძე, შუქია _eავტორი _91198 |
||
| 700 |
_aგაგუა, იამზე _eავტორი _91988 |
||
| 700 |
_aვაშაკიძე, თამარ _eავტორი _91989 |
||
| 700 |
_aმაღრაძე, ვახტანგ _eავტორი _91990 |
||
| 700 |
_aღვინაძე, თინათინ _eავტორი _91991 |
||
| 700 |
_aტეტელოშვილი, თეა _eავტორი _91992 |
||
| 700 |
_aჯორბენაძე, ნინო _eავტორი _91993 |
||
| 700 |
_a ალავიძე, სოფო _eმხატვარი _91994 |
||
| 700 |
_aვაშაკიძე, თამარ _eრედაქტორი _91995 |
||
| 710 |
_aარნ. ჩიქობავას სახ. ენათმეცნ. ინ-ტი _91996 |
||
| 710 |
_a შოთა რუსთაველის ეროვნ. სამეცნ. ფონდი _91997 |
||
| 942 |
_cBK _2udc |
||